MoviesMan - Statistics

General Stats
  • This quiz has been taken 23 times
  • The average score is 7 of 9
Answer Stats
Picture Answer % Correct
Elf
94%
Indiana Jones and the Last Crusade
94%
Ace Ventura: Pet Detective
81%
Mission: Impossible
75%
One Flew Over the Cuckoo's Nest
75%
Se7en
69%
Nosferatu
63%
Misery
56%
V For Vendetta
56%
No matching quizzes found
Score Distribution
Percent of People with Each Score
Percentile by Number Answered
Your Score History
You have not taken this quiz